000 00294nam a22001457a 4500
008 210309b ||||| |||| 00| 0 eng d
020 _a
041 _aeng
080 _a510
082 _a510
100 _a36
101 _aMAT
245 _aThe theory of Groups
_cHall,M
942 _2udc
_cBK
999 _c56102
_d56102